000 00447nam a2200181Ia 4500
001 8167
005 20260306160549.0
008 260306t2010||||xx |||||||||||||| ||spa||
041 _aESP
082 _a370.115
_bM12
100 _aMacedo Gonzáles, Jesús Efraín
_eAUT
245 0 _aPedagogía del acompañamiento juvenil
260 _c2010
300 _a306 páginas :
_c24 cm.
650 _aGEN
654 _aCED
942 _cLIB
_dJUS
_fJUS
_2ddc
_n
999 _c8167
_d8167